Retrouve le chanteur, chanteuse, groupe #3 - Statistiques

Statistiques générales
  • Ce quiz a été pris 450 fois
    287 depuis la dernière actualisation
  • Le résultat moyen est 20 sur 47
Statistiques - réponses
Hint Année de sortie Titres Chanteur, chanteuse, groupe % Correct
13 2013 Papaoutai Stromaé
94%
4 2015 Jour 1 Louane
93%
32 2002 J'ai demandé à la lune Indochine
84%
1 2013 Roar Katy Perry
83%
28 2015 On écrit sur les murs Kids United
83%
19 2012 Diamonds Rihanna
83%
2 1987 On va s'aimer Gilbert Montagné
76%
34 1988 Joe le taxi Vanessa Paradis
73%
35 1985 Tous les cris les SOS Daniel Balavoine
72%
26 2017 Despacito Luis Fonsi
66%
16 2019 Bad Guy Billie Eilish
65%
31 2019 7 Rings Ariana Grande
63%
11 2012 Parler à mon père Céline Dion
60%
7 2005 Écris l'histoire Grégory Lemarchal
60%
25 2016 J'ai cherché Amir
58%
12 2017 Believer Imagine Dragons
57%
14 2013 On ira Zaz
54%
33 2013 Attention au départ Les enfoirés
53%
17 1991 Qui a le droit Patrick Bruel
52%
24 2015 On verra Nekfeu
51%
29 2011 On the floor Jennifer Lopez
50%
43 2016 Tchoin Kaaris
50%
9 2017 What about us Pink
50%
38 2020 Kings & Queens Ava Max
36%
23 2022 PS je t'aime Christophe Willem
35%
42 2021 Drivers License Olivia Rodrigo
35%
5 2018 Attention Charlie Puth
33%
40 2017 Mosaïque solitaire Damso
33%
30 2000 Seul Garou
33%
21 2002 Quelqu'un m'a dit Carla Bruni
31%
36 2015 Senorita Amine
30%
18 2013 Le soldat Florent Pagny
25%
22 2009 Girlfriend Avril Lavigne
23%
20 1987 Il faudra leur dire Francis Cabrel
18%
27 2018 Attentat Imen Es
16%
44 2015 Ego Willy Williams
12%
6 2022 Envolver Anitta
10%
41 2022 Rappel Gazo
10%
10 2019 Ça c'est fait Souf
8%
45 2003 J'en ai marre Alizée
7%
37 2015 Emmène moi Boulevard des airs
6%
39 2021 Tout au bout du monde Tibz
6%
46 2021 J'imagine Valentina
5%
3 2022 Iffy Chris Brown
4%
15 2017 Don't Stop Lenni Kim
4%
8 2012 Good Girl Carrie Underwood
1%
47 2014 Reste avec moi MA2X
1%
Aucun quiz correspondant
Distribution des résultats
% des personnes avec chaque résultat
Percentile par nombre de réponses
Votre historique - résultats
Vous n’avez pas pris ce quiz depuis la dernière actualisation